| 000 | 01039nam a2200301 c 4500 | ||
|---|---|---|---|
| 999 |
_c342771 _d342771 |
||
| 003 | BLK | ||
| 005 | 20210813153050.0 | ||
| 008 | 180911b bul|||||r ||||||| ||bul|| | ||
| 010 | _a002429 | ||
| 040 | _aBLK | ||
| 041 |
_aBUL _cBUL |
||
| 080 |
_z821.163.2 _aБългарска литература _b821.163.2 _x-2 |
||
| 100 |
_aСтоянов, Людмил _eпърви автор _9420075 |
||
| 139 | _aСтоянов, Людмил | ||
| 245 | 0 | 0 |
_aГибелта на Раковица _bНар. драма в 4 д. и 1 карт. _cЛюдмил Стоянов |
| 260 |
_aСофия _bХиперион _c1924 |
||
| 300 |
_a82 с _c24 см |
||
| 380 | _aX | ||
| 490 |
_aЧастна колекция - Академик Михаил Арнаудов _gДарение - Основен фонд |
||
| 500 | _aМихаил Арнаудов: подпис | ||
| 650 |
_aДрама _9153705 |
||
| 653 | _aдрама | ||
| 653 | _aисторически драми | ||
| 655 |
_aбългарска литература _9462412 |
||
| 852 | _aМА 1977 | ||
| 852 |
_aЦб 8.225.1124 _bО |
||
| 942 |
_cKNG _n0 _s1 |
||
| 944 |
_aCR _c1997 _kValK |
||
| 944 |
_aED _c2021-08-13 _kВП |
||
| 999 | _d342771 | ||
| 999 | _d342771 | ||